000 00432nam a22001817a 4500
005 20220711113239.0
008 220711b ||||| |||| 00| 0 eng d
040 _cAL
041 _aEnglish
082 _223
_a323
_bFALL
100 _aFalun Gong
_948027
245 _aLight of Hope
260 _aChina
300 _a47 p.
_bPB
_c28x21.5 cm.
650 _aLight of Hope
_948028
700 _aFALUN GONG
_948029
942 _2ddc
_cGF
999 _c223681
_d223681